000 00495nam a2200169Ia 4500
999 _c27323
_d27323
003 OSt
005 20201204122126.0
008 190216s9999||||xx |||||||||||||| ||und||
040 _coclc
082 _a894.8123
_bPRA/D
100 _aPrasad, Colonel
_97210
245 0 _aDaal Thadakathile Ratri /
_cColonel Prasad
260 _bKairali Mudralayam,
_c1996.
_aKottayam:
300 _a104p
650 _aMalayalam Novel
942 _cBK
_2ddc
_h894.8123
_iPRA/D
_k894.8123
_mPRA/D